Magnified car logos - Statistics

General Stats
  • This quiz has been taken 503 times
  • The average score is 11 of 12
Answer Stats
Picture Answer % Correct
Mercedes
99%
Audi
98%
Toyota
98%
Volkswagen
98%
Volvo
95%
Mini
92%
Tesla
91%
Alfa Romeo
90%
Ferrari
90%
Mustang
90%
Peugeot
89%
Skoda
87%
No matching quizzes found
Score Distribution
Percent of People with Each Score
Percentile by Number Answered
Your Score History
You have not taken this quiz